<?xml version="1.0" encoding="UTF-8"?>
<record
    xmlns:xsi="http://www.w3.org/2001/XMLSchema-instance"
    xsi:schemaLocation="http://www.loc.gov/MARC21/slim http://www.loc.gov/standards/marcxml/schema/MARC21slim.xsd"
    xmlns="http://www.loc.gov/MARC21/slim">

  <leader>01554nac a22002895a 4500</leader>
  <datafield tag="999" ind1=" " ind2=" ">
    <subfield code="c">6451</subfield>
    <subfield code="d">6451</subfield>
  </datafield>
  <controlfield tag="003">EG-ScBUE</controlfield>
  <controlfield tag="005">20210915110626.0</controlfield>
  <controlfield tag="008">101124s2002    ts a   f be   000 0 ara d</controlfield>
  <datafield tag="040" ind1=" " ind2=" ">
    <subfield code="a">EG-ScBUE </subfield>
    <subfield code="b">ara</subfield>
    <subfield code="e">rda</subfield>
    <subfield code="c">EG-ScBUE </subfield>
    <subfield code="d">EG-ScBUE</subfield>
  </datafield>
  <datafield tag="082" ind1="0" ind2="4">
    <subfield code="a">610.3</subfield>
    <subfield code="b">&#x646; &#x641; &#x64A;</subfield>
    <subfield code="2">22</subfield>
  </datafield>
  <datafield tag="100" ind1="1" ind2=" ">
    <subfield code="a">&#x627;&#x628;&#x646; &#x627;&#x644;&#x646;&#x641;&#x64A;&#x633;&#x60C; &#x639;&#x644;&#x64A; &#x628;&#x646; &#x623;&#x628;&#x64A; &#x627;&#x644;&#x62D;&#x632;&#x645;&#x60C;</subfield>
    <subfield code="d">1210 or 1211-1288&#x60C;</subfield>
    <subfield code="e">&#x645;&#x624;&#x644;&#x641;.</subfield>
  </datafield>
  <datafield tag="245" ind1="1" ind2="2">
    <subfield code="a">&#x627;&#x644;&#x634;&#x627;&#x645;&#x644; &#x641;&#x64A; &#x627;&#x644;&#x635;&#x646;&#x627;&#x639;&#x629; &#x627;&#x644;&#x637;&#x628;&#x64A;&#x629; /</subfield>
    <subfield code="c">&#x644;&#x639;&#x644;&#x627;&#x621; &#x627;&#x644;&#x62F;&#x64A;&#x646; (&#x627;&#x628;&#x646; &#x627;&#x644;&#x646;&#x641;&#x64A;&#x633;) &#x627;&#x644;&#x642;&#x631;&#x634;&#x64A; &#x61B; &#x62F;&#x631;&#x627;&#x633;&#x629; &#x648;&#x62A;&#x62D;&#x642;&#x64A;&#x642; &#x64A;&#x648;&#x633;&#x641; &#x632;&#x64A;&#x62F;&#x627;&#x646;.</subfield>
  </datafield>
  <datafield tag="246" ind1="3" ind2="4">
    <subfield code="a">Sh&#x101;mil f&#x12B; al-&#x1E63;in&#x101;&#x2BB;ah al-&#x1E6D;ibb&#x12B;yah</subfield>
  </datafield>
  <datafield tag="264" ind1=" " ind2="1">
    <subfield code="a">&#x623;&#x628;&#x648; &#x638;&#x628;&#x64A; :</subfield>
    <subfield code="b">&#x645;&#x646;&#x634;&#x648;&#x631;&#x627;&#x62A; &#x627;&#x644;&#x645;&#x62C;&#x645;&#x639; &#x627;&#x644;&#x62B;&#x642;&#x627;&#x641;&#x64A;&#x60C;</subfield>
    <subfield code="c">2002.</subfield>
  </datafield>
  <datafield tag="300" ind1=" " ind2=" ">
    <subfield code="a">13 &#x645;&#x62C;&#x644;&#x62F; :</subfield>
    <subfield code="b">&#x625;&#x64A;&#x636;&#x627;&#x62D;&#x64A;&#x627;&#x62A; &#x61B;</subfield>
    <subfield code="c">24 &#x633;&#x645;</subfield>
  </datafield>
  <datafield tag="336" ind1=" " ind2=" ">
    <subfield code="2">rdacontent</subfield>
    <subfield code="a">&#x646;&#x635;</subfield>
    <subfield code="b">txt</subfield>
  </datafield>
  <datafield tag="337" ind1=" " ind2=" ">
    <subfield code="2">rdamedia</subfield>
    <subfield code="a">&#x628;&#x62F;&#x648;&#x646; &#x648;&#x633;&#x64A;&#x637;</subfield>
    <subfield code="b">n</subfield>
  </datafield>
  <datafield tag="338" ind1=" " ind2=" ">
    <subfield code="2">rdacarrier</subfield>
    <subfield code="a">&#x645;&#x62C;&#x644;&#x62F;</subfield>
    <subfield code="b">nc</subfield>
  </datafield>
  <datafield tag="504" ind1=" " ind2=" ">
    <subfield code="a">&#x64A;&#x634;&#x62A;&#x645;&#x644; &#x639;&#x644;&#x649; &#x625;&#x631;&#x62C;&#x627;&#x639;&#x627;&#x62A; &#x628;&#x628;&#x644;&#x64A;&#x648;&#x62C;&#x631;&#x627;&#x641;&#x64A;&#x629;.</subfield>
  </datafield>
  <datafield tag="505" ind1="2" ind2=" ">
    <subfield code="a">&#x645;&#x62C;. 7. &#x627;&#x644;&#x623;&#x62F;&#x648;&#x64A;&#x629; &#x648;&#x627;&#x644;&#x623;&#x63A;&#x630;&#x64A;&#x629; : &#x643;&#x62A;&#x627;&#x628; &#x627;&#x644;&#x62A;&#x627;&#x621; -- &#x645;&#x62C;. 8. &#x643;&#x62A;&#x627;&#x628; &#x627;&#x644;&#x62B;&#x627;&#x621;&#x60C; &#x623;&#x648;&#x644; &#x643;&#x62A;&#x627;&#x628; &#x627;&#x644;&#x62C;&#x64A;&#x645; -- &#x645;&#x62C;. 9. &#x628;&#x642;&#x64A;&#x629; &#x643;&#x62A;&#x627;&#x628; &#x627;&#x644;&#x62C;&#x64A;&#x645;&#x60C; &#x623;&#x648;&#x644; &#x643;&#x62A;&#x627;&#x628; &#x627;&#x644;&#x62D;&#x627;&#x621; -- &#x645;&#x62C;. 10. &#x628;&#x642;&#x64A;&#x629; &#x643;&#x62A;&#x627;&#x628; &#x627;&#x644;&#x62D;&#x627;&#x621;&#x60C; &#x643;&#x62A;&#x627;&#x628; &#x627;&#x644;&#x62E;&#x627;&#x621; -- &#x645;&#x62C;. 12&#x60C; 13. &#x643;&#x62A;&#x627;&#x628; &#x627;&#x644;&#x62F;&#x627;&#x644;&#x60C; &#x643;&#x62A;&#x627;&#x628; &#x627;&#x644;&#x630;&#x627;&#x644;&#x60C; &#x643;&#x62A;&#x627;&#x628; &#x627;&#x644;&#x631;&#x627;&#x621;&#x60C; &#x648;&#x623;&#x648;&#x644; &#x643;&#x62A;&#x627;&#x628; &#x627;&#x644;&#x632;&#x627;&#x64A;.</subfield>
  </datafield>
  <datafield tag="541" ind1=" " ind2=" ">
    <subfield code="a">Donation.</subfield>
  </datafield>
  <datafield tag="650" ind1=" " ind2="7">
    <subfield code="a">&#x627;&#x644;&#x637;&#x628;</subfield>
    <subfield code="v">&#x62F;&#x648;&#x627;&#x626;&#x631; &#x645;&#x639;&#x627;&#x631;&#x641;.</subfield>
    <subfield code="2">BUEsh</subfield>
  </datafield>
  <datafield tag="651" ind1=" " ind2=" ">
    <subfield code="2">BUEsh</subfield>
  </datafield>
  <datafield tag="653" ind1=" " ind2=" ">
    <subfield code="b">PPhrm</subfield>
    <subfield code="b">GGEN</subfield>
    <subfield code="c">January2017</subfield>
    <subfield code="c">January2018</subfield>
    <subfield code="c">February2018</subfield>
  </datafield>
  <datafield tag="700" ind1="1" ind2=" ">
    <subfield code="a">&#x632;&#x64A;&#x62F;&#x627;&#x646;&#x60C; &#x64A;&#x648;&#x633;&#x641;&#x60C;</subfield>
    <subfield code="e">&#x645;&#x62D;&#x642;&#x642;.</subfield>
  </datafield>
  <datafield tag="942" ind1=" " ind2=" ">
    <subfield code="2">ddc</subfield>
  </datafield>
  <datafield tag="952" ind1=" " ind2=" ">
    <subfield code="0">0</subfield>
    <subfield code="1">0</subfield>
    <subfield code="2">ddc</subfield>
    <subfield code="4">0</subfield>
    <subfield code="7">0</subfield>
    <subfield code="8">Alef-Baa</subfield>
    <subfield code="a">MAIN</subfield>
    <subfield code="b">MAIN</subfield>
    <subfield code="c">1ST</subfield>
    <subfield code="d">2007-11-25</subfield>
    <subfield code="e">Purchase</subfield>
    <subfield code="g">72.50</subfield>
    <subfield code="h">6451</subfield>
    <subfield code="o">610.3 &#x646; &#x641; &#x64A;</subfield>
    <subfield code="p">000007934</subfield>
    <subfield code="r">2025-07-15 00:00:00</subfield>
    <subfield code="s">2008-10-25</subfield>
    <subfield code="y">REFERENCE</subfield>
    <subfield code="z">&#x645;&#x62C;. 7</subfield>
  </datafield>
  <datafield tag="952" ind1=" " ind2=" ">
    <subfield code="0">0</subfield>
    <subfield code="1">0</subfield>
    <subfield code="2">ddc</subfield>
    <subfield code="4">0</subfield>
    <subfield code="7">0</subfield>
    <subfield code="8">Alef-Baa</subfield>
    <subfield code="a">MAIN</subfield>
    <subfield code="b">MAIN</subfield>
    <subfield code="c">1ST</subfield>
    <subfield code="d">2010-11-25</subfield>
    <subfield code="e">Purchase</subfield>
    <subfield code="o">610.3 &#x646; &#x641; &#x64A;</subfield>
    <subfield code="p">000007935</subfield>
    <subfield code="r">2025-07-15 00:00:00</subfield>
    <subfield code="y">REFERENCE</subfield>
    <subfield code="z">&#x645;&#x62C;. 10</subfield>
  </datafield>
  <datafield tag="952" ind1=" " ind2=" ">
    <subfield code="0">0</subfield>
    <subfield code="1">0</subfield>
    <subfield code="2">ddc</subfield>
    <subfield code="4">0</subfield>
    <subfield code="7">0</subfield>
    <subfield code="8">Alef-Baa</subfield>
    <subfield code="a">MAIN</subfield>
    <subfield code="b">MAIN</subfield>
    <subfield code="c">1ST</subfield>
    <subfield code="d">2011-06-02</subfield>
    <subfield code="e">Purchase</subfield>
    <subfield code="o">610.3 &#x646; &#x641; &#x64A;</subfield>
    <subfield code="p">000023816</subfield>
    <subfield code="r">2025-07-15 00:00:00</subfield>
    <subfield code="y">REFERENCE</subfield>
  </datafield>
  <datafield tag="952" ind1=" " ind2=" ">
    <subfield code="0">0</subfield>
    <subfield code="1">0</subfield>
    <subfield code="2">ddc</subfield>
    <subfield code="4">0</subfield>
    <subfield code="7">0</subfield>
    <subfield code="8">Alef-Baa</subfield>
    <subfield code="a">MAIN</subfield>
    <subfield code="b">MAIN</subfield>
    <subfield code="c">1ST</subfield>
    <subfield code="d">2011-06-02</subfield>
    <subfield code="e">Purchase</subfield>
    <subfield code="o">610.3 &#x646; &#x641; &#x64A;</subfield>
    <subfield code="p">000023817</subfield>
    <subfield code="r">2025-07-15 00:00:00</subfield>
    <subfield code="y">REFERENCE</subfield>
    <subfield code="z">&#x645;&#x62C;. 8</subfield>
  </datafield>
  <datafield tag="952" ind1=" " ind2=" ">
    <subfield code="0">0</subfield>
    <subfield code="1">0</subfield>
    <subfield code="2">ddc</subfield>
    <subfield code="4">0</subfield>
    <subfield code="7">0</subfield>
    <subfield code="8">Alef-Baa</subfield>
    <subfield code="a">MAIN</subfield>
    <subfield code="b">MAIN</subfield>
    <subfield code="c">1ST</subfield>
    <subfield code="d">2011-06-02</subfield>
    <subfield code="e">Purchase</subfield>
    <subfield code="o">610.3 &#x646; &#x641; &#x64A;</subfield>
    <subfield code="p">000023818</subfield>
    <subfield code="r">2025-07-15 00:00:00</subfield>
    <subfield code="y">REFERENCE</subfield>
    <subfield code="z">&#x645;&#x62C;. 12&#x60C; 13</subfield>
  </datafield>
  <datafield tag="952" ind1=" " ind2=" ">
    <subfield code="0">0</subfield>
    <subfield code="1">0</subfield>
    <subfield code="2">ddc</subfield>
    <subfield code="4">0</subfield>
    <subfield code="7">0</subfield>
    <subfield code="8">Alef-Baa</subfield>
    <subfield code="a">MAIN</subfield>
    <subfield code="b">MAIN</subfield>
    <subfield code="c">1ST</subfield>
    <subfield code="d">2011-06-14</subfield>
    <subfield code="e">Purchase</subfield>
    <subfield code="o">610.3 &#x646; &#x641; &#x64A;</subfield>
    <subfield code="p">000024208</subfield>
    <subfield code="r">2025-07-15 00:00:00</subfield>
    <subfield code="y">REFERENCE</subfield>
    <subfield code="z">&#x645;&#x62C;. 9.</subfield>
  </datafield>
  <datafield tag="952" ind1=" " ind2=" ">
    <subfield code="0">0</subfield>
    <subfield code="1">0</subfield>
    <subfield code="2">ddc</subfield>
    <subfield code="4">0</subfield>
    <subfield code="7">0</subfield>
    <subfield code="8">Alef-Baa</subfield>
    <subfield code="a">MAIN</subfield>
    <subfield code="b">MAIN</subfield>
    <subfield code="c">1ST</subfield>
    <subfield code="d">2011-06-14</subfield>
    <subfield code="e">Purchase</subfield>
    <subfield code="o">610.3 &#x646; &#x641; &#x64A;</subfield>
    <subfield code="p">000024206</subfield>
    <subfield code="r">2025-07-15 00:00:00</subfield>
    <subfield code="y">REFERENCE</subfield>
    <subfield code="z">&#x645;&#x62C;. 9</subfield>
  </datafield>
  <datafield tag="952" ind1=" " ind2=" ">
    <subfield code="0">0</subfield>
    <subfield code="1">0</subfield>
    <subfield code="2">ddc</subfield>
    <subfield code="4">0</subfield>
    <subfield code="7">0</subfield>
    <subfield code="8">Alef-Baa</subfield>
    <subfield code="a">MAIN</subfield>
    <subfield code="b">MAIN</subfield>
    <subfield code="c">1ST</subfield>
    <subfield code="d">2011-06-14</subfield>
    <subfield code="e">Purchase</subfield>
    <subfield code="o">610.3 &#x646; &#x641; &#x64A;</subfield>
    <subfield code="p">000024205</subfield>
    <subfield code="r">2025-07-15 00:00:00</subfield>
    <subfield code="y">REFERENCE</subfield>
    <subfield code="z">&#x645;&#x62C;. 8</subfield>
  </datafield>
  <datafield tag="952" ind1=" " ind2=" ">
    <subfield code="0">0</subfield>
    <subfield code="1">0</subfield>
    <subfield code="2">ddc</subfield>
    <subfield code="4">0</subfield>
    <subfield code="7">0</subfield>
    <subfield code="8">Alef-Baa</subfield>
    <subfield code="a">MAIN</subfield>
    <subfield code="b">MAIN</subfield>
    <subfield code="c">1ST</subfield>
    <subfield code="d">2011-08-01</subfield>
    <subfield code="e">Purchase</subfield>
    <subfield code="o">610.3 &#x646; &#x641; &#x64A;</subfield>
    <subfield code="p">000023040</subfield>
    <subfield code="r">2025-07-15 00:00:00</subfield>
    <subfield code="y">REFERENCE</subfield>
    <subfield code="z">&#x645;&#x62C;. 7</subfield>
  </datafield>
  <datafield tag="952" ind1=" " ind2=" ">
    <subfield code="0">0</subfield>
    <subfield code="1">0</subfield>
    <subfield code="2">ddc</subfield>
    <subfield code="4">0</subfield>
    <subfield code="7">0</subfield>
    <subfield code="8">Alef-Baa</subfield>
    <subfield code="a">MAIN</subfield>
    <subfield code="b">MAIN</subfield>
    <subfield code="c">1ST</subfield>
    <subfield code="d">2011-08-01</subfield>
    <subfield code="e">Purchase</subfield>
    <subfield code="o">610.3 &#x646; &#x641; &#x64A;</subfield>
    <subfield code="p">000023039</subfield>
    <subfield code="r">2025-07-15 00:00:00</subfield>
    <subfield code="y">REFERENCE</subfield>
    <subfield code="z">&#x645;&#x62C;. 10</subfield>
  </datafield>
</record>
